000 00350 a2200157 4500
001 48379
020 _a
040 _cAnchieta - Bela Vista
100 _aBrasil
240 1 0 _aEstatuto da criança e do adolescente
_lpor
245 1 0 _aEstatuto da criança e do adolescente
300 _a79
440 1 _aFisco
650 4 _aEstatuto
942 _cBK
999 _c48379
_d48379